| Tag |
First Indicator |
Second Indicator |
Subfields |
| LEADER |
00000cam a22000001 4500 |
| 001 |
in00000065487 |
| 005 |
20151007083416.0 |
| 008 |
721219s1956 nyu 00000 eng |
| 010 |
|
|
|a 56011268
|
| 035 |
|
|
|a (OCoLC)00423341
|
| 035 |
|
|
|9 AAF9323AM
|
| 040 |
|
|
|a DLC
|c DLC
|d TXA
|d UtOrBLW
|
| 043 |
|
|
|a n-usu--
|
| 049 |
|
|
|a TXAM
|c 2 [272613]
|a TXAS [warr]
|c 3
|
| 050 |
0 |
0 |
|a E185.61
|b .W2
|
| 082 |
0 |
|
|a 325.260975 301.451*
|
| 092 |
|
|
|a 325.26
|b W292s
|
| 100 |
1 |
|
|a Warren, Robert Penn,
|d 1905-1989.
|
| 245 |
1 |
0 |
|a Segregation :
|b the inner conflict in the South.
|
| 264 |
|
1 |
|a New York :
|b Random House,
|c [1956]
|
| 300 |
|
|
|a 66 pages ;
|c 21 cm.
|
| 336 |
|
|
|a text
|b txt
|2 rdacontent
|
| 337 |
|
|
|a unmediated
|b n
|2 rdamedia
|
| 338 |
|
|
|a volume
|b nc
|2 rdacarrier
|
| 650 |
|
0 |
|a African Americans
|x Segregation.
|
| 650 |
|
0 |
|a African Americans
|z Southern States.
|
| 999 |
|
|
|a MARS
|
| 999 |
f |
f |
|s a9071ac6-7472-3589-b43b-0f9e78a20c44
|i 7ac8f866-3ee6-3b41-8329-7ac057db273f
|t 0
|
| 952 |
f |
f |
|p normal
|a Texas A&M University
|b College Station
|c Sterling C. Evans Library
|d Evans: Library Stacks
|t 0
|e E185.61 .W2
|h Library of Congress classification
|i unmediated -- volume
|m A14824884994
|
| 952 |
f |
f |
|p noncirc
|a Texas A&M University
|b College Station
|c Cushing Memorial Library & Archives
|d Cushing: Literature/Warren (Does not check out)
|t 0
|e E185.61 .W2
|h Library of Congress classification
|i unmediated -- volume
|
| 998 |
f |
f |
|a E185.61 .W2
|t 0
|l Cushing: Literature/Warren (Does not check out)
|
| 998 |
f |
f |
|a E185.61 .W2
|t 0
|l Evans: Library Stacks
|